000 00731cam a22002294a 4500
001 12430280
005 20171227050017.0
008 010604s2002 mau b 001 0 eng
010 _a 2001041052
020 _a0767411706
040 _aDLC
_cDLC
_dDLC
041 _aeng
042 _apcc
080 _a306.071 HIR
082 0 0 _a306.071 HIR
_221
100 1 _a46
101 _aEDU
245 1 0 _aEvery day, everywhere :
_cStuart Hirschberg, Terry Hirschberg.
906 _a7
_bcbc
_corignew
_d1
_eocip
_f20
_gy-gencatlg
942 _2ddc
_cBK
999 _c39481
_d39481